000 00526nam a2200205Ia 4500
005 20240301114916.0
008 131103s9999 xx 000 0 und d
020 _a710068115
040 _aLoreto College
041 _aEnglish
082 _a371.2
_bBIR
100 _aBirley, Derek
245 4 _aThe Education Officer and His World,
_cDerek Birley
260 _aLondon
_bRoutledge And Kegan Paul
_cc 1970
300 _a210p.
504 _aIncludes index
650 _aEducation
850 _aLCLIB
942 _cBK
999 _c22955
_d73434